| 000 | 01159cam a2200325 a 4500 | ||
|---|---|---|---|
| 001 | 4406 | ||
| 005 | 20240820151924.0 | ||
| 020 | _a0689714726 | ||
| 040 |
_aDLC _cDLC _dDLC _beng |
||
| 050 | 0 | 0 | _aPN6109.97 |
| 082 | 0 | 0 | _a821.008 |
| 100 | 1 | _aWood, Jenny | |
| 245 | 1 | 0 |
_aFirst songs & action rhymes / _cJenny Wood ; illustrated by Chris McEwan |
| 250 | _aFirst Aladdin Books edition | ||
| 260 |
_aNew York : _bAladdin Books ; _aNew York : _bMaxwell Macmillan International Pub. Group, _c1991, 1990. |
||
| 300 |
_a48 pages : _bcolor illustrations ; _c28 cm . |
||
| 505 | _aK | ||
| 520 | _aGives the complete, authentic lyrics and music to many well-known English and American lullabies, nursery rhymes, and children's songs and poetry. | ||
| 521 |
_a510
_bLexile estimate |
||
| 521 |
_aK
_bRaz-Plus |
||
| 650 | 0 | _aChildren's poetry. | |
| 650 | 0 |
_aRhyming games _xJuvenile literature. |
|
| 650 | 0 |
_aLullabies _xJuvenile literature. |
|
| 650 | 1 | _aNursery rhymes. | |
| 650 | 1 | _aLullabies. | |
| 650 | 1 | _aFinger play. | |
| 700 | 1 |
_aMcEwan, Chris _eillustrator |
|
| 906 |
_a7 _bcbc _corignew _d1 _eocip _f19 _gy-gencatlg |
||
| 942 |
_2ddc _cBK _n0 |
||
| 999 |
_c4406 _d4406 |
||